[Event "Irish Championship 2004"]
[Site "Limerick IRL"]
[Date "2004.07.16"]
[Round "7"]
[White "Keogh, Eamon"]
[Black "Fox, Anthony"]
[Result "1/2-1/2"]
[WhiteTitle "NM"]
[WhiteElo "2123"]
[BlackElo "2123"]
[WhiteICU "1938"]
[BlackICU "2059"]
[WhiteClub "Kilkenny"]
[BlackClub "Dun Laoghaire"]
[BlackNationality "IRL"]
[WhiteFideId "2500264"]
[BlackFideId "2500736"]
[WhiteICUId "731"]
[BlackICUId "456"]
[PlyCount "73"]
[Venue "Kilmurry Lodge Hotel, Dublin Rd, N7, Castletroy, Limerick"]
[EventDate "2004.07.10"]
[Source "ICU games archive"]

{ Event information: <a
href="https://www.irlchess.com/irlch2004_allfiles/pairings_irlch2004.html">Tournament
report</a>. }

1. e4 e5 2. d4 exd4 3. c3 d5 4. e5 dxc3 5. bxc3 Nc6 6. Bb5 Bc5 7. Nf3 Ne7
8. Bg5 O-O 9. O-O Bg4 10. Re1 h6 11. Bh4 a6 12. Ba4 b5 13. Bc2 Qd7 14. Nbd2
Rfe8 15. h3 Bf5 16. g4 Bxg4 17. hxg4 Qxg4+ 18. Kh2 Qh5 19. Kg2 Ng6 20. Bg3
Rad8 21. Bxg6 Qxg6 22. Nb3 Bb6 23. Nbd4 Nxd4 24. cxd4 c5 25. Nh4 Qe6 26. f4
g6 27. f5 gxf5 28. Qh5 cxd4 29. Rf1 Rc8 30. Rxf5 Bd8 31. Raf1 Bxh4 32. Qxh4
Qg6 33. Rxf7 Qe4+ 34. Kh3 Qxh4+ 35. Kxh4 d3 36. Rd7 d2 37. Rff7 1/2-1/2

[Event "Irish Championship 2004"]
[Site "Limerick IRL"]
[Date "2004.07.16"]
[Round "7"]
[White "McPhillips, Karl"]
[Black "Short, Philip"]
[Result "1/2-1/2"]
[BlackTitle "FM"]
[WhiteElo "2172"]
[BlackElo "2298"]
[WhiteICU "2099"]
[WhiteClub "Kilkenny"]
[WhiteNationality "IRL"]
[BlackNationality "IRL"]
[WhiteFideId "2501503"]
[BlackFideId "2500086"]
[WhiteICUId "5243"]
[BlackICUId "1557"]
[PlyCount "108"]
[Venue "Kilmurry Lodge Hotel, Dublin Rd, N7, Castletroy, Limerick"]
[EventDate "2004.07.10"]
[Source "ICU games archive"]

{ Event information: <a
href="https://www.irlchess.com/irlch2004_allfiles/pairings_irlch2004.html">Tournament
report</a>. }

1. d4 d5 2. c4 c6 3. Nf3 Nf6 4. Nc3 dxc4 5. a4 Bf5 6. Ne5 Nbd7 7. Nxc4 Qc7
8. g3 e5 9. dxe5 Nxe5 10. Bf4 Nfd7 11. Bg2 Be6 12. Nxe5 Nxe5 13. O-O Be7
14. Qc2 Rc8 15. Rac1 Qa5 16. Ne4 O-O 17. Nc5 Bxc5 18. Qxc5 Qxc5 19. Rxc5
Nd7 20. Rc2 Nb6 21. a5 Nd5 22. Bd6 Rfd8 23. Bc5 b6 24. axb6 axb6 25. Ba3 c5
26. Rfc1 Nc7 27. e3 Nb5 28. Bf1 Nxa3 29. bxa3 Bb3 30. Rc3 Ba4 31. Rb1 Rd6
32. Bb5 Bxb5 33. Rxb5 Kf8 34. Kf1 Ke7 35. Ke2 Kd7 36. h4 Ra8 37. Rcb3 Kc7
38. Rc3 Ra4 39. Rbb3 Rd8 40. f3 Kc6 41. e4 b5 42. Re3 b4 43. axb4 cxb4 44.
f4 Kc5 45. e5 g6 46. g4 Ra2+ 47. Kf3 Rd1 48. f5 Rf1+ 49. Ke4 gxf5+ 50. gxf5
Rh2 51. e6 fxe6 52. fxe6 Kd6 53. e7 Kxe7 54. Kd5+ Kf6 1/2-1/2

[Event "Irish Championship 2004"]
[Site "Limerick IRL"]
[Date "2004.07.16"]
[Round "7"]
[White "Orr, Mark J. L."]
[Black "Soh, Edmund"]
[Result "1/2-1/2"]
[WhiteTitle "IM"]
[WhiteElo "2338"]
[BlackElo "2068"]
[WhiteICU "2273"]
[WhiteClub "Wandering Dragons SCO"]
[WhiteNationality "IRL"]
[BlackNationality "ENG"]
[WhiteFideId "2500035"]
[BlackFideId "408964"]
[WhiteICUId "1350"]
[PlyCount "59"]
[Venue "Kilmurry Lodge Hotel, Dublin Rd, N7, Castletroy, Limerick"]
[EventDate "2004.07.10"]
[Source "ICU games archive"]

{ Event information: <a
href="https://www.irlchess.com/irlch2004_allfiles/pairings_irlch2004.html">Tournament
report</a>. }

1. d4 d6 2. e4 g6 3. Nc3 Bg7 4. f4 Nf6 5. Nf3 c5 6. dxc5 Qa5 7. Bd3 Qxc5 8.
Qe2 Bg4 9. Be3 Qa5 10. O-O Nc6 11. h3 Bxf3 12. Qxf3 O-O 13. Ne2 Nd7 14. c3
Nde5 15. fxe5 Nxe5 16. Qg3 Nxd3 17. Bg5 Rae8 18. Bxe7 Rxe7 19. Qxd3 Qb6+
20. Nd4 Rfe8 21. Rae1 d5 22. e5 Bxe5 23. Rb1 Bxd4+ 24. cxd4 Re4 25. Rfd1
Qb4 26. a3 Qd6 27. Rf1 Qb6 28. Rfd1 Qd6 29. Rf1 Qb6 30. Rfd1 1/2-1/2

[Event "Irish Championship 2004"]
[Site "Limerick IRL"]
[Date "2004.07.16"]
[Round "7"]
[White "Ryan, Joe"]
[Black "Jessel, Stephen"]
[Result "1-0"]
[WhiteTitle "FM"]
[WhiteElo "2294"]
[BlackElo "2238"]
[WhiteICU "2316"]
[BlackICU "2065"]
[WhiteClub "Phibsboro"]
[BlackClub "Phibsboro"]
[WhiteNationality "IRL"]
[BlackNationality "IRL"]
[WhiteFideId "2500426"]
[BlackFideId "628859"]
[WhiteICUId "1525"]
[BlackICUId "4790"]
[PlyCount "143"]
[Venue "Kilmurry Lodge Hotel, Dublin Rd, N7, Castletroy, Limerick"]
[EventDate "2004.07.10"]
[Source "ICU games archive"]

{ Event information: <a
href="https://www.irlchess.com/irlch2004_allfiles/pairings_irlch2004.html">Tournament
report</a>. }

1. e4 e6 2. d4 d5 3. Nd2 Nf6 4. e5 Nfd7 5. c3 c5 6. Bd3 Nc6 7. Ne2 cxd4 8.
cxd4 f6 9. exf6 Nxf6 10. O-O Bd6 11. Nf3 O-O 12. Bf4 Bxf4 13. Nxf4 Qd6 14.
Ne2 e5 15. dxe5 Nxe5 16. Nxe5 Qxe5 17. Qd2 Bd7 18. f3 Kh8 19. Rfe1 Rad8 20.
Rad1 Rf7 21. Bb1 Qd6 22. Qf4 Qxf4 23. Nxf4 Bc6 24. Ne6 Rd6 25. Nd4 g6 26.
Rc1 Nd7 27. Rc3 Kg7 28. Rce3 Nb8 29. b4 a6 30. Ne6+ Kh6 31. f4 Rxe6 32.
Rxe6 Rxf4 33. a3 Nd7 34. Rf1 Rd4 35. Re3 Rd2 36. Rd3 Rb2 37. Rfd1 Nb6 38.
R3d2 Rb3 39. Ra2 Nc4 40. Bc2 Rxa3 41. Rxa3 Nxa3 42. Bb3 Nc4 43. Kf2 Kg5 44.
Bxc4 dxc4 45. Rd4 Bb5 46. Ke3 h5 47. h4+ Kf5 48. g3 Ke5 49. Re4+ Kd5 50.
Rd4+ Ke5 51. Rd8 c3 52. Rd1 c2 53. Rc1 Ba4 54. Kd2 Kf5 55. Ra1 Bc6 56. Ra5+
Bb5 57. Ra3 Kg4 58. Rc3 Bc6 59. Ke2 Ba4 60. Kf2 b6 61. Ke2 Bd7 62. Kd2 a5
63. Rc7 Bf5 64. b5 Kxg3 65. Rc6 Kxh4 66. Rxb6 Kg4 67. Rc6 h4 68. Rc4+ Kg5
69. b6 h3 70. b7 h2 71. b8=Q h1=Q 72. Qd8+ 1-0

[Event "Irish Championship 2004"]
[Site "Limerick IRL"]
[Date "2004.07.16"]
[Round "7"]
[White "White, Kevin"]
[Black "Beveridge, Allan"]
[Result "0-1"]
[WhiteElo "2045"]
[BlackElo "2138"]
[WhiteNationality "ENG"]
[BlackNationality "SCO"]
[WhiteFideId "410624"]
[BlackFideId "2400995"]
[BlackICUId "6750"]
[PlyCount "100"]
[Venue "Kilmurry Lodge Hotel, Dublin Rd, N7, Castletroy, Limerick"]
[EventDate "2004.07.10"]
[Source "ICU games archive"]

{ Event information: <a
href="https://www.irlchess.com/irlch2004_allfiles/pairings_irlch2004.html">Tournament
report</a>. }

1. e4 c5 2. Nf3 Nc6 3. Nc3 Nf6 4. e5 Ng4 5. Qe2 Qc7 6. Nb5 Qb8 7. d4 cxd4
8. Bf4 f6 9. Bg3 Ngxe5 10. O-O-O d3 11. cxd3 d6 12. d4 Nf7 13. d5 Nce5 14.
Qc2 Nxf3 15. gxf3 Kd8 16. Bd3 g6 17. h4 f5 18. Bf4 Bd7 19. Nc3 b5 20. h5 b4
21. Ne2 Qc7 22. hxg6 hxg6 23. Rxh8 Nxh8 24. Qxc7+ Kxc7 25. Bd2 a5 26. Rg1
Bg7 27. Kc2 Bf6 28. Nf4 Kb7 29. b3 Rc8+ 30. Bc4 Rg8 31. Be3 Be5 32. Ne2 Nf7
33. f4 Bf6 34. Nd4 Nd8 35. Nc6 e5 36. Kb1 exf4 37. Bxf4 g5 38. Bxd6 f4 39.
Nxa5+ Kb6 40. Bxb4 Bf5+ 41. Kc1 g4 42. Bf1 Bd4 43. Nc4+ Kc7 44. Ba5+ Kd7
45. Bb6 Bxb6 46. Nxb6+ Kd6 47. Kd2 Nf7 48. f3 Ng5 49. Bg2 gxf3 50. Bf1 Ne4+
0-1

[Event "Irish Championship 2004"]
[Site "Limerick IRL"]
[Date "2004.07.17"]
[Round "8"]
[White "Beveridge, Allan"]
[Black "Keogh, Eamon"]
[Result "1/2-1/2"]
[BlackTitle "NM"]
[WhiteElo "2138"]
[BlackElo "2123"]
[BlackICU "1938"]
[BlackClub "Kilkenny"]
[WhiteNationality "SCO"]
[WhiteFideId "2400995"]
[BlackFideId "2500264"]
[WhiteICUId "6750"]
[BlackICUId "731"]
[PlyCount "85"]
[Venue "Kilmurry Lodge Hotel, Dublin Rd, N7, Castletroy, Limerick"]
[EventDate "2004.07.10"]
[Source "ICU games archive"]

{ Event information: <a
href="https://www.irlchess.com/irlch2004_allfiles/pairings_irlch2004.html">Tournament
report</a>. }

1. Nf3 c5 2. g3 Nc6 3. Bg2 e5 4. d3 g6 5. e4 Bg7 6. Nc3 Nge7 7. Be3 d6 8.
Qd2 h5 9. Nd1 b5 10. a4 b4 11. c3 Qb6 12. Nh4 bxc3 13. bxc3 Na5 14. Qc2 Rb8
15. O-O Qb3 16. Qe2 Bg4 17. f3 Bd7 18. f4 exf4 19. Bxf4 Qe6 20. Nf3 f6 21.
h4 Nb3 22. Rb1 O-O 23. d4 Bxa4 24. Qa6 Bb5 25. Qxd6 Qxd6 26. Bxd6 Bxf1 27.
Bxf1 Nxd4 28. Rxb8 Nxf3+ 29. Kf2 Nd2 30. Rxf8+ Bxf8 31. Bd3 Nc6 32. Bf4 c4
33. Bc2 Nb3 34. Nb2 Bc5+ 35. Ke2 Nba5 36. Bc7 Bb6 37. Bd6 Kf7 38. Ba4 Ke6
39. Bb4 Ne5 40. Bxa5 Bxa5 41. Nxc4 Bxc3 42. Nxe5 Bxe5 43. Be8 1/2-1/2

[Event "Irish Championship 2004"]
[Site "Limerick IRL"]
[Date "2004.07.17"]
[Round "8"]
[White "Freeman, Gordon"]
[Black "McPhillips, Karl"]
[Result "1-0"]
[WhiteElo "2066"]
[BlackElo "2172"]
[WhiteICU "1956"]
[BlackICU "2099"]
[WhiteClub "Gonzaga"]
[BlackClub "Kilkenny"]
[WhiteNationality "IRL"]
[BlackNationality "IRL"]
[WhiteFideId "2501309"]
[BlackFideId "2501503"]
[WhiteICUId "4153"]
[BlackICUId "5243"]
[PlyCount "55"]
[Venue "Kilmurry Lodge Hotel, Dublin Rd, N7, Castletroy, Limerick"]
[EventDate "2004.07.10"]
[Source "ICU games archive"]

{ Event information: <a
href="https://www.irlchess.com/irlch2004_allfiles/pairings_irlch2004.html">Tournament
report</a>. }

1. e4 c5 2. Nc3 Nc6 3. g3 g6 4. Bg2 Bg7 5. d3 d6 6. f4 e6 7. Nf3 Nge7 8.
Be3 Nd4 9. O-O O-O 10. Qd2 Rb8 11. Rae1 b5 12. e5 Nef5 13. Bf2 Bb7 14. Ne4
Rc8 15. c3 Nxf3+ 16. Bxf3 dxe5 17. fxe5 Qe7 18. Nf6+ Kh8 19. Bxb7 Qxb7 20.
g4 Bh6 21. Qd1 Ne7 22. Be3 Bg7 23. Rf3 Nd5 24. g5 Bxf6 25. gxf6 Nxe3 26.
Rexe3 g5 27. Rh3 g4 28. Rxh7+ 1-0

[Event "Irish Championship 2004"]
[Site "Limerick IRL"]
[Date "2004.07.17"]
[Round "8"]
[White "Jones, Gawain"]
[Black "Brady, Stephen"]
[Result "1/2-1/2"]
[WhiteTitle "FM"]
[BlackTitle "FM"]
[WhiteElo "2453"]
[BlackElo "2365"]
[BlackICU "2365"]
[BlackClub "Phibsboro"]
[WhiteNationality "ENG"]
[BlackNationality "IRL"]
[WhiteFideId "409561"]
[BlackFideId "2500124"]
[WhiteICUId "7685"]
[BlackICUId "90"]
[PlyCount "162"]
[Venue "Kilmurry Lodge Hotel, Dublin Rd, N7, Castletroy, Limerick"]
[EventDate "2004.07.10"]
[Source "ICU games archive"]

{ Event information: <a
href="https://www.irlchess.com/irlch2004_allfiles/pairings_irlch2004.html">Tournament
report</a>. }

1. e4 e6 2. d3 d5 3. Qe2 Nf6 4. Nf3 Nc6 5. e5 Nd7 6. g3 Be7 7. h4 h6 8. Bg2
b6 9. Bf4 Bb7 10. h5 a5 11. O-O Nc5 12. Rd1 Qd7 13. Nc3 g6 14. d4 Na6 15.
hxg6 fxg6 16. Qd3 Kf7 17. g4 g5 18. Be3 Raf8 19. Ne2 Ke8 20. Ng3 Kd8 21. c3
Kc8 22. Nh5 Bd8 23. b3 Qf7 24. Nh2 Ne7 25. f4 gxf4 26. Nxf4 h5 27. Nxh5
Rxh5 28. gxh5 Qxh5 29. Rf1 Nf5 30. Rxf5 Rxf5 31. Rf1 Rxf1+ 32. Qxf1 Nb8 33.
Bh3 Qg6+ 34. Qg2 Qxg2+ 35. Kxg2 Kd7 36. Kg3 Nc6 37. Kg4 Ba6 38. Kh5 Be2+
39. Kg6 Bh4 40. Ng4 Bd3+ 41. Kg7 Ke7 42. Bc1 Bf5 43. Ba3+ Kd8 44. Bc1 b5
45. a3 Be1 46. Bb2 b4 47. cxb4 axb4 48. axb4 Nxb4 49. Bc1 Bh4 50. Kh6 c6
51. Kh5 Bg3 52. Bf1 Nc2 53. Bb2 Bxg4+ 54. Kxg4 Bf2 55. Bd3 Nxd4 56. Bxd4
Bxd4 57. Kf4 Bg1 58. Kg5 Ke7 59. Ba6 Bh2 60. Bb7 c5 61. Kg6 Bxe5 62. Bc8
Bf4 63. Bb7 Bd2 64. Bc8 Bc1 65. Ba6 Be3 66. Bb5 Kd6 67. Kf6 Bf2 68. Kg5 Ke5
69. Bd7 c4 70. bxc4 dxc4 71. Be8 Bg1 72. Bg6 Bh2 73. Kg4 Kd4 74. Kf3 Kc3
75. Ke2 e5 76. Bh7 Kb3 77. Bg6 c3 78. Kd1 Kc4 79. Ke2 Bf4 80. Bh7 Kd4 81.
Kf3 Kc4 1/2-1/2

[Event "Irish Championship 2004"]
[Site "Limerick IRL"]
[Date "2004.07.17"]
[Round "8"]
[White "Mudrak, Josef"]
[Black "Jessel, Stephen"]
[Result "1/2-1/2"]
[WhiteTitle "FM"]
[WhiteElo "2353"]
[BlackElo "2238"]
[BlackICU "2065"]
[BlackClub "Phibsboro"]
[WhiteNationality "CZE"]
[BlackNationality "IRL"]
[WhiteFideId "301116"]
[BlackFideId "628859"]
[BlackICUId "4790"]
[PlyCount "135"]
[Venue "Kilmurry Lodge Hotel, Dublin Rd, N7, Castletroy, Limerick"]
[EventDate "2004.07.10"]
[Source "ICU games archive"]
[WhiteFullName "Mudr&aacute;k, Josef"]

{ Event information: <a
href="https://www.irlchess.com/irlch2004_allfiles/pairings_irlch2004.html">Tournament
report</a>. }

1. d4 d5 2. Nf3 Nf6 3. c4 e6 4. g3 dxc4 5. Qa4+ c6 6. Qxc4 b5 7. Qc2 Bb7 8.
Bg2 Nbd7 9. O-O c5 10. dxc5 Bxc5 11. Nc3 Rc8 12. a3 O-O 13. Bf4 Qb6 14. e4
Rfd8 15. e5 Nd5 16. Ng5 Nf8 17. Nxd5 Bxd5 18. Bxd5 Bd4 19. Qe2 Rxd5 20.
Rac1 Rcd8 21. Rc2 h6 22. Nf3 Ng6 23. Rfc1 Qb8 24. Re1 Bb6 25. h4 Qb7 26.
Rc3 Nxf4 27. gxf4 a5 28. Qe4 a4 29. b4 axb3 30. Rxb3 Ba5 31. Rf1 Qd7 32.
Rfb1 Rc8 33. Qe2 Rc4 34. a4 Rxa4 35. Rxb5 Rxb5 36. Rxb5 Bd8 37. Kg2 Rxf4
38. Kg3 Ra4 39. Rb8 g6 40. Qc2 Ra5 41. Qe4 Kg7 42. Rb7 Qc8 43. Nd4 Rd5 44.
Rb3 Qc5 45. Nf3 Bb6 46. Re3 Qb5 47. Re1 Rd3 48. Kg2 Qb3 49. Qf4 Qb2 50. Rf1
Rd5 51. h5 Bd8 52. hxg6 fxg6 53. Rh1 h5 54. Rc1 Qb7 55. Kh2 Qf7 56. Qe3 Bb6
57. Qe4 Qf5 58. Qxf5 exf5 59. Kg3 Rc5 60. Rd1 Bc7 61. Rd7+ Kh6 62. Re7 g5
63. Re6+ Kg7 64. Nxg5 Bxe5+ 65. Kh4 Bf6 66. f4 Rc4 67. Kxh5 Rxf4 68. Ra6
1/2-1/2

[Event "Irish Championship 2004"]
[Site "Limerick IRL"]
[Date "2004.07.17"]
[Round "8"]
[White "Short, Philip"]
[Black "Ryan, Joe"]
[Result "1/2-1/2"]
[WhiteTitle "FM"]
[BlackTitle "FM"]
[WhiteElo "2298"]
[BlackElo "2294"]
[BlackICU "2316"]
[BlackClub "Phibsboro"]
[WhiteNationality "IRL"]
[BlackNationality "IRL"]
[WhiteFideId "2500086"]
[BlackFideId "2500426"]
[WhiteICUId "1557"]
[BlackICUId "1525"]
[PlyCount "61"]
[Venue "Kilmurry Lodge Hotel, Dublin Rd, N7, Castletroy, Limerick"]
[EventDate "2004.07.10"]
[Source "ICU games archive"]

{ Event information: <a
href="https://www.irlchess.com/irlch2004_allfiles/pairings_irlch2004.html">Tournament
report</a>. }

1. d4 d5 2. Nf3 Nf6 3. c4 e6 4. Nc3 Be7 5. Bg5 h6 6. Bxf6 Bxf6 7. e3 c6 8.
Qc2 Nd7 9. Rd1 Qe7 10. Bd3 O-O 11. O-O dxc4 12. Bxc4 g6 13. e4 Bg7 14. h3
b5 15. Bb3 Bb7 16. Rfe1 a6 17. a3 c5 18. d5 c4 19. Ba2 Nc5 20. Bb1 Nd3 21.
Re3 exd5 22. exd5 Qc5 23. Qd2 Bxd5 24. Nxd5 Qxd5 25. Bxd3 cxd3 26. Rxd3 Qa2
27. b4 Qxd2 28. Nxd2 Rfe8 29. Nb3 Bb2 30. Nc5 a5 31. Kf1 1/2-1/2

[Event "Irish Championship 2004"]
[Site "Limerick IRL"]
[Date "2004.07.17"]
[Round "8"]
[White "Soh, Edmund"]
[Black "Walsh, Paul"]
[Result "1/2-1/2"]
[WhiteElo "2068"]
[BlackElo "2052"]
[BlackICU "1991"]
[BlackClub "Sarsfield"]
[WhiteNationality "ENG"]
[BlackNationality "IRL"]
[WhiteFideId "408964"]
[BlackFideId "2501260"]
[BlackICUId "3820"]
[PlyCount "97"]
[Venue "Kilmurry Lodge Hotel, Dublin Rd, N7, Castletroy, Limerick"]
[EventDate "2004.07.10"]
[Source "ICU games archive"]

{ Event information: <a
href="https://www.irlchess.com/irlch2004_allfiles/pairings_irlch2004.html">Tournament
report</a>. }

1. e4 e5 2. Nf3 Nc6 3. d4 exd4 4. Bc4 Nf6 5. O-O Nxe4 6. Re1 d5 7. Bxd5
Qxd5 8. Nc3 Qa5 9. Nxe4 Be6 10. Neg5 O-O-O 11. Nxe6 fxe6 12. Rxe6 Qd5 13.
Qe2 h6 14. Bd2 Bc5 15. a3 Rhf8 16. Re1 Kb8 17. Qe4 Qxe4 18. R6xe4 a6 19. h3
b5 20. R1e2 d3 21. cxd3 Rxf3 22. gxf3 Nd4 23. R2e3 Kb7 24. Bc3 Nf5 25. d4
Bxd4 26. Bxd4 Nxd4 27. Kg2 Rd6 28. Rd3 c5 29. Re7+ Kc6 30. Rxg7 c4 31. Rd1
a5 32. Re1 b4 33. axb4 axb4 34. Ree7 Kb5 35. Rd7 Rxd7 36. Rxd7 c3 37. bxc3
bxc3 38. Rb7+ Kc5 39. Rb1 c2 40. Rc1 Kc4 41. h4 Kd3 42. Kh3 h5 43. f4 Kd2
44. Rh1 Nf5 45. Kg2 Ke2 46. Rc1 Kd2 47. Rh1 Ke2 48. Rc1 Kd2 49. Rh1 1/2-1/2

[Event "Irish Championship 2004"]
[Site "Limerick IRL"]
[Date "2004.07.17"]
[Round "8"]
[White "White, Kevin"]
[Black "Wallace, Paul"]
[Result "0-1"]
[WhiteElo "2045"]
[BlackElo "2171"]
[BlackICU "2211"]
[BlackClub "Lichfield ENG"]
[WhiteNationality "ENG"]
[BlackNationality "IRL"]
[WhiteFideId "410624"]
[BlackFideId "2500892"]
[BlackICUId "5201"]
[PlyCount "106"]
[Venue "Kilmurry Lodge Hotel, Dublin Rd, N7, Castletroy, Limerick"]
[EventDate "2004.07.10"]
[Source "ICU games archive"]

{ Event information: <a
href="https://www.irlchess.com/irlch2004_allfiles/pairings_irlch2004.html">Tournament
report</a>. }

1. e4 e5 2. d4 exd4 3. Qxd4 Nc6 4. Qe3 Bb4+ 5. Nc3 Nf6 6. Bd2 d6 7. O-O-O
O-O 8. Bc4 Be6 9. Bd3 Ne5 10. f4 Nc4 11. Bxc4 Bxc4 12. b3 Be6 13. e5 Bxc3
14. Bxc3 Nd5 15. Qd3 Nxc3 16. Qxc3 d5 17. Qf3 f6 18. Qc3 fxe5 19. Qxe5 Qf6
20. Qxf6 Rxf6 21. g3 g5 22. fxg5 Rf2 23. Re1 Bf5 24. Ne2 Be4 25. Rhf1 Rxh2
26. Nd4 Re8 27. b4 c6 28. a4 b6 29. c3 c5 30. bxc5 bxc5 31. Nb5 Rb8 32. Rf6
Rc2+ 33. Kd1 Ra2 34. Ra6 Rf8 35. Rf6 Rxa4 36. Nd6 Rb8 37. Re6 Rb2 38. Re8+
Kg7 39. Re7+ Kf8 40. Re8+ Kg7 41. Re7+ Kg6 42. Re6+ Kh5 43. g4+ Kxg4 44.
Rg1+ Bg2 45. Kc1 Rf2 46. Kb1 Kxg5 47. Re5+ Kf4 48. Rge1 Be4+ 49. Nxe4 Rxe4
50. R1xe4+ dxe4 51. Rxc5 e3 52. Kc1 Rf1+ 53. Kc2 e2 0-1

[Event "Irish Championship 2004"]
[Site "Limerick IRL"]
[Date "2004.07.18"]
[Round "9"]
[White "Beveridge, Allan"]
[Black "Soh, Edmund"]
[Result "1/2-1/2"]
[WhiteElo "2138"]
[BlackElo "2068"]
[WhiteNationality "SCO"]
[BlackNationality "ENG"]
[WhiteFideId "2400995"]
[BlackFideId "408964"]
[WhiteICUId "6750"]
[PlyCount "62"]
[Venue "Kilmurry Lodge Hotel, Dublin Rd, N7, Castletroy, Limerick"]
[EventDate "2004.07.10"]
[Source "ICU games archive"]

{ Event information: <a
href="https://www.irlchess.com/irlch2004_allfiles/pairings_irlch2004.html">Tournament
report</a>. }

1. Nf3 d6 2. d4 g6 3. Bf4 Bg7 4. e3 Nd7 5. h3 e5 6. Bh2 Qe7 7. Be2 f5 8. c4
Nh6 9. Nc3 c6 10. Qc2 O-O 11. O-O-O Nf7 12. Rhg1 Nf6 13. Nd2 Be6 14. g4
fxg4 15. hxg4 exd4 16. exd4 d5 17. c5 b6 18. cxb6 axb6 19. f4 Nd6 20. f5
gxf5 21. Bxd6 Qxd6 22. gxf5 Bf7 23. Rg2 Kh8 24. Nf3 Bh5 25. Ne5 Bxe2 26.
Qxe2 Nd7 27. f6 Bxf6 28. Qh5 Bxe5 29. dxe5 Nxe5 30. Ne4 Qe7 31. Ng5 Rxa2
1/2-1/2

[Event "Irish Championship 2004"]
[Site "Limerick IRL"]
[Date "2004.07.18"]
[Round "9"]
[White "Brady, Stephen"]
[Black "Short, Philip"]
[Result "0-1"]
[WhiteTitle "FM"]
[BlackTitle "FM"]
[WhiteElo "2365"]
[BlackElo "2298"]
[WhiteICU "2365"]
[WhiteClub "Phibsboro"]
[WhiteNationality "IRL"]
[BlackNationality "IRL"]
[WhiteFideId "2500124"]
[BlackFideId "2500086"]
[WhiteICUId "90"]
[BlackICUId "1557"]
[PlyCount "48"]
[Venue "Kilmurry Lodge Hotel, Dublin Rd, N7, Castletroy, Limerick"]
[EventDate "2004.07.10"]
[Source "ICU games archive"]

{ Source: Gerry Graham report, Alexander Baburin report (see Annotator(s)). }
{ Annotator: Gerry Graham, <a
href="https://www.irlchess.com/irlch2004_allfiles/gerrygrahamreports/bulletin9.htm">Round
9 bulletin</a>; Alexander Baburin, <em>Sunday Independent</em>, July 25, 2004 p. 49 (S15). } { Event information: <a
href="https://www.irlchess.com/irlch2004_allfiles/pairings_irlch2004.html">Tournament
report</a>. }

1. e4 e5 2. Nf3 Nc6 3. d4 exd4 4. Nxd4 Bc5 5. Nxc6 bxc6 6. Bc4 d6 7. O-O
Ne7 8. Nc3 O-O 9. Na4 Bb6 10. b3 Be6 11. Nxb6 axb6 12. Bd3 Qd7 13. Bb2 f5
14. exf5 Bxf5 15. Re1 Ng6 16. g3 Bg4 17. Qd2 Bf3 18. Re3 Ra5 19. Rae1 Rh5
20. Bc4+ d5 21. Rxf3 Rxf3 22. Be2 Rxf2 $1 23. Bd4 Rfxh2 24. Bxh5 Rxd2 0-1

[Event "Irish Championship 2004"]
[Site "Limerick IRL"]
[Date "2004.07.18"]
[Round "9"]
[White "Freeman, Gordon"]
[Black "Jones, Gawain"]
[Result "1/2-1/2"]
[BlackTitle "FM"]
[WhiteElo "2066"]
[BlackElo "2453"]
[WhiteICU "1956"]
[WhiteClub "Gonzaga"]
[WhiteNationality "IRL"]
[BlackNationality "ENG"]
[WhiteFideId "2501309"]
[BlackFideId "409561"]
[WhiteICUId "4153"]
[BlackICUId "7685"]
[PlyCount "105"]
[Venue "Kilmurry Lodge Hotel, Dublin Rd, N7, Castletroy, Limerick"]
[EventDate "2004.07.10"]
[Source "ICU games archive"]

{ Event information: <a
href="https://www.irlchess.com/irlch2004_allfiles/pairings_irlch2004.html">Tournament
report</a>. }

1. e4 c5 2. Nc3 g6 3. g3 Bg7 4. Bg2 Nc6 5. d3 d6 6. f4 Nf6 7. Nf3 O-O 8.
O-O Nd4 9. h3 Nd7 10. Be3 Rb8 11. Qd2 f5 12. exf5 gxf5 13. Qf2 Nxf3+ 14.
Bxf3 e6 15. Rae1 Qb6 16. Nd1 Qa6 17. a3 b5 18. Qg2 Bb7 19. g4 Bxf3 20. Rxf3
Qc6 21. Ref1 Kf7 22. gxf5 exf5 23. Qg5 Kg8 24. Rg3 Rf7 25. Kh2 d5 26. d4 c4
27. Rfg1 Qf6 28. Qh5 Rb6 29. Nc3 Qe6 30. Qf3 Nf6 31. Qg2 Rbb7 32. Bd2 Kh8
33. Re3 Ne4 34. Nxe4 fxe4 35. Rg3 Qf6 36. Be3 Rbc7 37. Rg5 Qd6 38. Qg4 Rcd7
39. Re5 Qf8 40. Rg5 Rd8 41. Qh5 Rd6 42. Rxd5 Rxd5 43. Qxd5 Rxf4 44. Rxg7
Rf2+ 45. Bxf2 Qxf2+ 46. Rg2 Qf4+ 47. Kg1 Qc1+ 48. Kf2 Qf4+ 49. Ke1 Qc1+ 50.
Kf2 Qf4+ 51. Kg1 Qc1+ 52. Kh2 Qf4+ 53. Kg1 1/2-1/2